Vplyv finančného riadenia a rozhodovania na hodnotu podniku

Priblíženie rozhodovacích a bankrotných modelov, ktorých použitie uľahčí ohodnocujúcim subjektom výber prístupu a metódy ohodnotenia v podmienkach Slovenskej republiky.

Saved in:
Bibliographic Details
Main Author: Harumová, Anna, 1955-
Format: Book Chapter
Language:Slovak
Subjects:
Tags: Add Tag
No Tags, Be the first to tag this record!

MARC

LEADER 00000naa$a2200000$$$4500
001 0210070
005 20240502073510.0
041 0 |a slo 
044 |a SK 
245 1 0 |a Vplyv finančného riadenia a rozhodovania na hodnotu podniku  |c Anna Harumová 
520 |a Priblíženie rozhodovacích a bankrotných modelov, ktorých použitie uľahčí ohodnocujúcim subjektom výber prístupu a metódy ohodnotenia v podmienkach Slovenskej republiky. 
610 2 0 |a ohodnocovanie podniku 
610 2 0 |a procesy rozhodovacie 
610 2 0 |a modelovanie 
610 2 0 |a modely 
610 2 0 |a modely rozhodovania 
610 2 0 |a riadenie finančné 
100 1 |a Harumová, Anna, 1955-